| 000 | 00915nam a22002057a 4500 | ||
|---|---|---|---|
| 003 | OSt | ||
| 005 | 20170608093112.0 | ||
| 008 | 150408b xxu||||| |||| 00| 0 eng d | ||
| 040 | _cBMC | ||
| 082 | _a630.7284 | ||
| 100 | 1 |
_939457 _aSamayoa Guerra, Gonzalo Armando |
|
| 245 | 1 | 0 |
_aPasantía en Fundación Salvadoreña para el Desarrollo Económio y Social (FUSADES), Finca La Colina _b: Informe final _cSamayoa Guerra, Gonzalo Armando |
| 260 |
_aSanta Ana (El Salvador) _bUniversidad Católica de Occidente _c2004 |
||
| 300 |
_a104 h. _c28 cm |
||
| 500 | _aPrecede al tít.: Universidad Católica de Occidente, Facultad de Ingeniería y Arquitectura | ||
| 502 | _aTrabajo de graduación para optar título de Ingeniero agrónomo en Desarrollo Rural | ||
| 650 | 2 | 4 |
_933273 _aAgronomía _zEl Salvador |
| 710 | 2 |
_91166 _aUniversidad Católica de El Salvador _bFacultad de Ingeniería y Arquitectura |
|
| 942 |
_2ddc _cTG |
||
| 999 |
_c25545 _d25545 |
||